ARABIAN NIGHTS (Record no. 3038)
[ view plain ]
| 000 -LEADER | |
|---|---|
| fixed length control field | 00283nam a22001337a 4500 |
| 020 ## - INTERNATIONAL STANDARD BOOK NUMBER | |
| ISBN | 978-81-87107-96-5 |
| 082 ## - DEWEY DECIMAL CLASSIFICATION NUMBER | |
| Classification number | 823 |
| Item number | OM/A |
| 100 ## - MAIN ENTRY--AUTHOR NAME | |
| Personal name | OM PUBLICATIONS |
| 245 ## - TITLE STATEMENT | |
| Title | ARABIAN NIGHTS |
| 260 ## - PUBLICATION, DISTRIBUTION, ETC. (IMPRINT) | |
| Place of publication | NOIDA |
| Name of publisher | OM |
| 300 ## - PHYSICAL DESCRIPTION | |
| Number of Pages | 79 |
| 650 ## - SUBJECT ADDED ENTRY--TOPICAL TERM | |
| Topical Term | ENGLISH SHORT STORY |
| Geographic subdivision | NOIDA |
| 942 ## - ADDED ENTRY ELEMENTS (KOHA) | |
| Koha item type | Books |
| Withdrawn status | Lost status | Collection code | Home library | Current library | Shelving location | Date acquired | Source of acquisition | Full call number | Accession Number | Koha item type | Cost, normal purchase price |
|---|---|---|---|---|---|---|---|---|---|---|---|
| Fiction | Main Library | Main Library | SHELF 3- D- ENGLISH CHILDRENS LITERATURE &MYTHOLOGY | 07/03/2012 | PURCHASE | 823 OM/A | 06333 | Books | |||
| Fiction | Main Library | Main Library | SHELF 3- D- ENGLISH CHILDRENS LITERATURE &MYTHOLOGY | 04/10/2012 | PURCHASE | 823 OM/A | 06454 | Books | |||
| Fiction | Main Library | Main Library | SHELF 3- D- ENGLISH CHILDRENS LITERATURE &MYTHOLOGY | 08/03/2012 | PURCHASE | 823 OM/A | 06335 | Books | |||
| Fiction | Main Library | Main Library | SHELF 3- D- ENGLISH CHILDRENS LITERATURE &MYTHOLOGY | 16/04/2015 | PURCHASE | 823 OM/A | 06984 | Books | 50.00 | ||
| Fiction | Main Library | Main Library | SHELF 4-D MYTHOLOGY | 03/01/2018 | Purchase | 823 OM/A | 10154 | Books | 120.00 |